000 00957nmc a2200325 a 4500
003 AR-BaBNM
005 20251128203643.0
008 217019s1964 ||||||||||||||000 | spa||
040 _cAR-BaBNM
100 1 _aScheifele, Marian
245 1 0 _aEl niño sobredotado en la escuela común
260 _aBuenos Aires
_bPaidós
_c1964
300 _a134 p.
490 0 _aBiblioteca del educador contemporáneo
_vv. 1
504 _aBibliografía p. 133-134
650 4 _aDESARROLLO DEL NINO
650 4 _aPSICOLOGIA DEL NINO
650 4 _aNECESIDADES DEL NINO
650 4 _aMETODOS DE ENSENANZA
650 4 _aDETECCION DE TALENTOS
650 4 _aROL DEL DOCENTE
653 _aNINOS TALENTOSOS
700 1 _aSiroli, Jorge A.
_etraductor
700 1 _aSantos, Mario R. dos
_etraductor
700 1 _aBernstein, Jaime
_esupervisión
800 1 _aL. de Romero Brest, Gilda
800 1 _aBernstein, Jaime
_edirector
942 _cBK
998 _cCarmen
999 _c4346
_d4346